[Event "Weekend Vitinia"]
[Site "Roma ITA"]
[Date "1996.11.??"]
[Round "?"]
[White "Di Lascio, Savino"]
[Black "Tosoni, Augusto"]
[Result "1/2-1/2"]
[WhiteElo "1927"]
[BlackElo "2056"]
[PlyCount "62"]
[EventDate "1996.11.17"]

1. Nf3 Nf6 2. c4 g6 3. b4 Bg7 4. Bb2 O-O 5. g3 d6 6. Bg2 Nbd7 7. O-O e5 8. d3
Nh5 9. Nbd2 e4 10. Bxg7 exf3 11. Bxf8 fxg2 12. Kxg2 Nxf8 13. h3 Ne6 14. f4
Nexf4+ 15. gxf4 Qh4 16. Rf3 Bxh3+ 17. Kg1 Re8 18. Ne4 Nxf4 19. Qe1 Qg4+ 20. Rg3
Nxe2+ 21. Kh2 Nxg3 22. Nf6+ Kg7 23. Nxe8+ Kf8 24. Qxg3 Qh5 25. Nf6 Qh6 26. Qxh3
Qf4+ 27. Kg2 Qxf6 28. Rf1 Qg5+ 29. Kh1 h5 30. Qc8+ Kg7 31. Qxc7 Qh4+ 1/2-1/2

[Event "Weekend Vitinia"]
[Site "Roma ITA"]
[Date "1996.11.??"]
[Round "?"]
[White "Drago, Valentino"]
[Black "Brandi, Flaviano"]
[Result "0-1"]
[WhiteElo "1603"]
[BlackElo "1713"]
[PlyCount "60"]
[EventDate "1996.11.17"]

1. d4 Nf6 2. Bf4 e6 3. Nf3 b6 4. e3 Bb7 5. Nbd2 Be7 6. h3 O-O 7. Bd3 d5 8. c3
Nbd7 9. a4 c5 10. Ne5 a6 11. g4 cxd4 12. exd4 Ne4 13. Ndf3 f6 14. Nxd7 Qxd7 15.
Qb3 Bd6 16. Be3 Bc7 17. Rg1 Kh8 18. Ke2 Bc6 19. Ne1 e5 20. Nc2 Rfe8 21. dxe5
Nc5 22. Bxc5 bxc5 23. f4 fxe5 24. Qa3 e4 25. Bxa6 Rxa6 26. f5 Qd6 27. Rg2 Rxa4
28. Qxa4 Bxa4 29. Rxa4 Qb6 30. b4 Qb5+ 0-1

[Event "Weekend Vitinia"]
[Site "Roma ITA"]
[Date "1996.11.??"]
[Round "?"]
[White "Fanciulli, Gianluca"]
[Black "Arca', Luciano"]
[Result "1/2-1/2"]
[WhiteElo "1564"]
[BlackElo "1483"]
[PlyCount "70"]
[EventDate "1996.11.17"]

1. d4 Nf6 2. c4 c5 3. d5 b5 4. Nf3 bxc4 5. Nc3 d6 6. e4 g6 7. Bxc4 Bg7 8. O-O
O-O 9. Bg5 Bg4 10. h3 Bxf3 11. Qxf3 Nbd7 12. Bxf6 Bxf6 13. Qe3 Qb6 14. Rab1
Rfb8 15. b3 a6 16. Be2 Qb4 17. Rfc1 Be5 18. g3 Qa5 19. Na4 Qd8 20. Nb2 Qf8 21.
Nc4 Bg7 22. Rc2 a5 23. Bd1 Qc8 24. Rcc1 Ra7 25. Kg2 Qf8 26. f4 Bd4 27. Qe2 Nb6
28. Nxb6 Rxb6 29. Rc4 Rb4 30. Rbc1 Rab7 31. Qf3 Qh6 32. g4 Qg7 33. Qe2 Qh6 34.
Qf3 Qg7 35. Qe2 Qh6 1/2-1/2

[Event "Weekend Vitinia"]
[Site "Roma ITA"]
[Date "1996.11.??"]
[Round "?"]
[White "Fanciulli, Gianluca"]
[Black "Colantonio, Marco"]
[Result "0-1"]
[WhiteElo "1564"]
[BlackElo "1573"]
[PlyCount "104"]
[EventDate "1996.11.17"]

1. d4 Nf6 2. c4 g6 3. Nc3 d5 4. Nf3 Bg7 5. Qb3 dxc4 6. Qxc4 O-O 7. Bf4 c6 8. e3
Qb6 9. Rb1 Be6 10. Qa4 Nd5 11. Nxd5 Bxd5 12. Bc4 Be4 13. Rc1 Qxb2 14. O-O b5
15. Qb3 Qxb3 16. Bxb3 a5 17. a4 Na6 18. Nd2 Bd3 19. Rfe1 Nb4 20. Rc5 Rfd8 21.
Rec1 bxa4 22. Bxa4 Bb5 23. Bxb5 cxb5 24. Rxb5 Nd3 25. Rcb1 Nxf4 26. exf4 Bxd4
27. Nc4 Bc3 28. g3 Rd4 29. Rc5 Bb4 30. Rc7 Kg7 31. Ne5 Bd6 32. Rc2 a4 33. Nc6
Rd5 34. Ne5 Bxe5 35. fxe5 Rxe5 36. Ra2 Re4 37. Ra3 Kf6 38. Rb5 h5 39. Ra2 h4
40. Ra3 h3 41. Rb1 Rb8 42. Rba1 Rb3 43. Kf1 Rxa3 44. Rxa3 Ke5 45. f3 Rc4 46.
Re3+ Kd6 47. g4 Rc2 48. Ra3 Rc4 49. Kf2 Kc5 50. Re3 e6 51. Kg3 Kb4 52. Kxh3 a3
0-1

[Event "Weekend Vitinia"]
[Site "Roma ITA"]
[Date "1996.11.??"]
[Round "?"]
[White "Fanciulli, Gianluca"]
[Black "Ragonese, Lucio Rosario"]
[Result "0-1"]
[WhiteElo "1564"]
[BlackElo "2052"]
[PlyCount "120"]
[EventDate "1996.11.17"]

1. d4 d5 2. c4 Nf6 3. cxd5 Nxd5 4. e4 Nf6 5. Nc3 g6 6. Bb5+ c6 7. Be2 Bg7 8.
Nf3 O-O 9. O-O Qc7 10. e5 Ng4 11. h3 Nh6 12. Bxh6 Bxh6 13. Qb3 a5 14. Rfd1 e6
15. Ne4 Nd7 16. Bd3 Qb6 17. Qc2 a4 18. g4 Rd8 19. Nf6+ Nxf6 20. exf6 Qa5 21.
Be4 Bd7 22. h4 Be8 23. Kg2 a3 24. g5 Bf8 25. bxa3 Qc7 26. h5 Qf4 27. hxg6 fxg6
28. Rh1 Ra5 29. Rh3 Rxg5+ 30. Nxg5 Qxg5+ 31. Rg3 Qxf6 32. Rg1 Rxd4 33. Kf1 Kg7
34. Rh1 c5 35. Rgh3 Bb5+ 36. Kg1 Qf4 37. Bxb7 Bd6 38. Rxh7+ Kf6 39. R1h3 Qg4+
40. Rg3 Bxg3 41. fxg3 Qxg3+ 42. Bg2 Bc6 43. Qf2+ Qxf2+ 44. Kxf2 Rd2+ 45. Ke3
Rxg2 46. Rc7 Bd5 47. Rxc5 Rg3+ 48. Kf2 Rxa3 49. Rc8 Rxa2+ 50. Ke3 Ke5 51. Rg8
Be4 52. Re8 Ra3+ 53. Ke2 g5 54. Rg8 Kf4 55. Rf8+ Bf5 56. Rh8 Ra2+ 57. Ke1 e5
58. Rc8 Ke3 59. Rc3+ Bd3 60. Rc1 g4 0-1

[Event "Weekend Vitinia"]
[Site "Roma ITA"]
[Date "1996.11.??"]
[Round "?"]
[White "Fanciulli, Gianluca"]
[Black "Scipioni, Gaetano"]
[Result "1/2-1/2"]
[WhiteElo "1564"]
[BlackElo "1635"]
[PlyCount "65"]
[EventDate "1996.11.17"]

1. d4 Nf6 2. c4 c5 3. d5 b5 4. Nf3 Bb7 5. a4 bxc4 6. Nc3 g6 7. e4 d6 8. Bxc4
Bg7 9. O-O Nbd7 10. Bg5 O-O 11. Qd2 Re8 12. Bh6 Bh8 13. Rab1 Qa5 14. h3 Rab8
15. Qe2 Nb6 16. Bd2 Nxc4 17. Qxc4 Ba6 18. Nb5 Qb6 19. Bc3 Bxb5 20. axb5 Qxb5
21. Qxb5 Rxb5 22. Nd2 Reb8 23. Ra1 R5b7 24. Ra4 Nd7 25. Bxh8 Kxh8 26. b3 Ne5
27. Rfa1 Ra8 28. f3 Nd3 29. Kf1 Nb4 30. Rc1 Kg7 31. Ke2 Kf6 32. f4 h5 33. h4
1/2-1/2

[Event "Weekend Vitinia"]
[Site "Roma ITA"]
[Date "1996.11.??"]
[Round "?"]
[White "Fanciulli, Gianluca"]
[Black "Vigile, Matteo"]
[Result "1/2-1/2"]
[WhiteElo "1564"]
[BlackElo "1567"]
[PlyCount "121"]
[EventDate "1996.11.17"]

1. d4 Nf6 2. c4 e6 3. Nc3 d5 4. Nf3 Nbd7 5. Bg5 c6 6. e3 Qa5 7. cxd5 Nxd5 8.
Qb3 Bb4 9. Rc1 N7f6 10. Bxf6 Nxf6 11. Bd3 O-O 12. O-O Be7 13. a3 Rd8 14. Rfd1
Qc7 15. Qc2 Bd7 16. Ne4 Nxe4 17. Bxe4 h6 18. Qb3 Rac8 19. Bb1 Be8 20. Qc2 g6
21. h3 Qb8 22. b4 b6 23. Qb3 Rc7 24. Rc3 Rdc8 25. Rdc1 Qa8 26. Ne5 c5 27. Qc2
Bd6 28. bxc5 Bxe5 29. dxe5 Rxc5 30. Qd2 Rd8 31. Rd3 Rxd3 32. Bxd3 Rxe5 33. f4
Rd5 34. e4 Rd7 35. Qe3 Qd8 36. Be2 g5 37. e5 gxf4 38. Qxf4 Qg5 39. Qxg5+ hxg5
40. Bb5 Rd8 41. Bxe8 Rxe8 42. Rc7 Ra8 43. Kf2 Kg7 44. Rb7 Kg6 45. g4 Rc8 46.
Rxa7 Rc5 47. Rb7 b5 48. Ke3 Rc3+ 49. Kf2 Rxa3 50. Rxb5 Rxh3 51. Rc5 Rd3 52. Rc4
Rd5 53. Re4 f5 54. exf6 Kxf6 55. Kf3 e5 56. Ra4 Ke6 57. Ra6+ Rd6 58. Ra5 Rd4
59. Ra6+ Kd5 60. Ra5+ Kd6 61. Ra6+ 1/2-1/2

[Event "Weekend Vitinia"]
[Site "Roma ITA"]
[Date "1996.11.??"]
[Round "?"]
[White "Fantazzini, Massimiliano"]
[Black "Ludovici, Roberto"]
[Result "1/2-1/2"]
[WhiteElo "1753"]
[BlackElo "1728"]
[PlyCount "49"]
[EventDate "1996.11.17"]

1. Nf3 d5 2. b4 Qd6 3. b5 e5 4. Ba3 Qf6 5. d4 Bd6 6. dxe5 Bxe5 7. Nxe5 Qxe5 8.
Nd2 Bf5 9. Rb1 f6 10. Rb3 Kf7 11. g4 Bc8 12. Bb2 Qd6 13. Rg1 Nd7 14. g5 Nc5 15.
Rbg3 f5 16. g6+ hxg6 17. Rxg6 Qxg6 18. Rxg6 Kxg6 19. Nf3 c6 20. Qd4 Ne6 21.
Ne5+ Kh7 22. Qh4+ Nh6 23. Bh3 Rf8 24. bxc6 bxc6 25. Nxc6 1/2-1/2

[Event "Weekend Vitinia"]
[Site "Roma ITA"]
[Date "1996.11.??"]
[Round "?"]
[White "Fantazzini, Massimiliano"]
[Black "Marzano, Carlo"]
[Result "0-1"]
[WhiteElo "1753"]
[BlackElo "2165"]
[PlyCount "143"]
[EventDate "1996.11.17"]

1. c4 e5 2. Nc3 Nc6 3. Nf3 d6 4. d4 exd4 5. Nxd4 g6 6. Nxc6 bxc6 7. g3 Bg7 8.
Bg2 Ne7 9. Bg5 f6 10. Bf4 O-O 11. h4 Be6 12. b3 Qd7 13. Rc1 a5 14. Qd2 Rab8 15.
O-O Rb4 16. Rfd1 Rfb8 17. Na4 Qc8 18. Nc3 Qd7 19. Ne4 Qc8 20. Nc3 c5 21. Bh6
Bd7 22. Bxg7 Kxg7 23. Ne4 Bc6 24. Qc3 Qf5 25. Ng5 Bxg2 26. Kxg2 Kg8 27. e4 Qe5
28. Qxe5 fxe5 29. Ne6 R8b7 30. Rd3 Nc6 31. Rf3 Rb8 32. Nxc7 Rf8 33. Nd5 Rb7 34.
Rxf8+ Kxf8 35. Rc3 Nd4 36. Re3 Kg7 37. f4 a4 38. fxe5 dxe5 39. bxa4 Rb2+ 40.
Kh3 Ne2 41. Kg4 h5+ 42. Kg5 Ng1 43. Nf4 exf4 44. Kxf4 Rxa2 45. Ke5 Rxa4 46. Kd5
Ra5 47. Rb3 Ne2 48. Rb7+ Kf8 49. Rb8+ Ke7 50. Rb7+ Kf8 51. Rb3 Ke7 52. Rb7+ Kf8
53. Rb3 Nd4 54. Rb6 Kf7 55. Rb7+ Kf8 56. Rb8+ Kf7 57. Rb7+ Kf8 58. Rb6 Kf7 59.
Rb7+ Ke8 60. Rb8+ Ke7 61. Rb7+ Kd8 62. e5 Ke8 63. Rb6 Nf5 64. Rf6 Ne7+ 65. Kd6
Ra6+ 66. Kxc5 Rxf6 67. exf6 Nf5 68. Kb6 Nxg3 69. c5 Ne4 70. f7+ Ke7 71. Kc6
Kxf7 72. Kd5 0-1

[Event "Weekend Vitinia"]
[Site "Roma ITA"]
[Date "1996.11.??"]
[Round "?"]
[White "Fantazzini, Massimiliano"]
[Black "Rotondi, Paolo"]
[Result "1/2-1/2"]
[WhiteElo "1753"]
[BlackElo "1660"]
[PlyCount "67"]
[EventDate "1996.11.17"]

1. Nf3 c5 2. c4 Nf6 3. b3 Nc6 4. Bb2 g6 5. e3 Bg7 6. Be2 d6 7. d3 Bd7 8. Nbd2
O-O 9. e4 e5 10. Nf1 Rb8 11. a4 Qa5+ 12. N3d2 Nd4 13. Bxd4 exd4 14. f4 Bc6 15.
Kf2 Qc7 16. Ng3 Bh6 17. f5 Bd7 18. Bf3 d5 19. Re1 Qf4 20. Ndf1 gxf5 21. exf5
Rbe8 22. Rxe8 Rxe8 23. Kg1 dxc4 24. bxc4 b6 25. a5 Bxf5 26. axb6 axb6 27. Nxf5
Qxf5 28. Ra7 Qe6 29. Rc7 Qe1 30. Qxe1 Rxe1 31. Kf2 Re6 32. Rc8+ Kg7 33. Ng3 Kg6
34. Ne4 1/2-1/2

[Event "Weekend Vitinia"]
[Site "Roma ITA"]
[Date "1996.11.??"]
[Round "?"]
[White "Fantazzini, Massimiliano"]
[Black "Scacco, Mauro"]
[Result "0-1"]
[WhiteElo "1753"]
[BlackElo "2045"]
[PlyCount "64"]
[EventDate "1996.11.17"]

1. d4 Nf6 2. c4 d6 3. Nc3 Nbd7 4. e4 e5 5. d5 g6 6. Be3 Bg7 7. Be2 O-O 8. h4 a6
9. h5 b6 10. g4 Nc5 11. f3 Bd7 12. b4 Nb7 13. h6 Bh8 14. Nh3 c5 15. dxc6 Bxc6
16. Nd5 Nxd5 17. cxd5 Bd7 18. Qb3 Bf6 19. O-O Bh4 20. Kh2 Kh8 21. Qb2 f5 22.
gxf5 gxf5 23. Rg1 Bf6 24. Rg2 f4 25. Bf2 Bh4 26. Rag1 Bxf2 27. Rxf2 Qh4 28. Rg4
Bxg4 29. fxg4 Qg3+ 30. Kh1 Qxh3+ 31. Rh2 Qe3 32. Rh5 Qxe4+ 0-1

[Event "Weekend Vitinia"]
[Site "Roma ITA"]
[Date "1996.11.??"]
[Round "?"]
[White "Farina, Saverio"]
[Black "Ciotoli, Patrizio"]
[Result "1-0"]
[WhiteElo "2210"]
[BlackElo "1956"]
[PlyCount "117"]
[EventDate "1996.11.17"]

1. d4 Nf6 2. c4 b6 3. Nc3 Bb7 4. f3 e6 5. e4 d5 6. cxd5 exd5 7. e5 Nh5 8. Nh3
g6 9. Bg5 Be7 10. Qd2 Bxg5 11. Qxg5 Qxg5 12. Nxg5 Nf4 13. g3 Ne6 14. Nxe6 fxe6
15. Rc1 a6 16. Bh3 Ke7 17. Ne2 c6 18. Nf4 Bc8 19. Kf2 Bd7 20. Rc3 Ra7 21. Rhc1
Rc8 22. b4 b5 23. Bf1 a5 24. a3 axb4 25. axb4 Ra2+ 26. R1c2 Rxc2+ 27. Rxc2 Na6
28. Nd3 Ra8 29. Ra2 Nc7 30. Rxa8 Nxa8 31. Ke3 Nc7 32. h4 Na6 33. g4 Be8 34. Bh3
Bf7 35. f4 Be8 36. f5 gxf5 37. gxf5 exf5 38. Bxf5 Bg6 39. Kf4 Kf7 40. Bxg6+
Kxg6 41. Kg4 h6 42. h5+ Kg7 43. Kf4 Kf8 44. e6 Ke7 45. Kf5 Nc7 46. Nc5 Ne8 47.
Kg6 Nd6 48. Kxh6 Nf5+ 49. Kg6 Nh4+ 50. Kg5 Nf3+ 51. Kf4 Nh4 52. h6 Ng6+ 53. Kg5
Nf8 54. Kf5 Nh7 55. Kg6 Nf8+ 56. Kg7 Ke8 57. h7 Nxh7 58. Kxh7 Ke7 59. Kg7 1-0

[Event "Weekend Vitinia"]
[Site "Roma ITA"]
[Date "1996.11.??"]
[Round "?"]
[White "Farina, Saverio"]
[Black "Convertito, Vincenzo"]
[Result "1-0"]
[WhiteElo "2210"]
[BlackElo "1711"]
[PlyCount "43"]
[EventDate "1996.11.17"]

1. d4 d5 2. c4 e6 3. Nc3 Nf6 4. Bg5 Be7 5. Nf3 h6 6. Bxf6 Bxf6 7. Qc2 O-O 8.
O-O-O b6 9. e4 dxe4 10. Qxe4 c6 11. h4 Bb7 12. Bd3 Re8 13. Rhe1 Nd7 14. Qh7+
Kf8 15. d5 cxd5 16. Nxd5 Bxd5 17. cxd5 Qc7+ 18. Kb1 e5 19. Nd4 Rec8 20. d6 Qxd6
21. Nf5 Rc1+ 22. Kxc1 1-0

[Event "Weekend Vitinia"]
[Site "Roma ITA"]
[Date "1996.11.??"]
[Round "?"]
[White "Farina, Saverio"]
[Black "Pezzaldi, Roberto"]
[Result "0-1"]
[WhiteElo "2210"]
[BlackElo "2001"]
[PlyCount "113"]
[EventDate "1996.11.17"]

1. d4 e6 2. e4 d5 3. exd5 exd5 4. Nf3 Bd6 5. c4 c6 6. Nc3 Ne7 7. Bd3 f6 8. O-O
Bg4 9. Re1 O-O 10. h3 Bh5 11. Bd2 Bg6 12. Bxg6 hxg6 13. cxd5 cxd5 14. Qb3 Nbc6
15. Nxd5 Nxd5 16. Qxd5+ Kh7 17. Qb3 Qd7 18. Re4 Qf7 19. d5 Ne5 20. Rae1 Nxf3+
21. Qxf3 Rfd8 22. Bc3 Rd7 23. Rd1 Rad8 24. Rh4+ Kg8 25. Rhd4 Bc5 26. R4d3 Bd6
27. Ba5 b6 28. Bc3 Bc5 29. a4 a5 30. Qe4 Re8 31. Qf3 Red8 32. b3 Rd6 33. Bb2
R6d7 34. Bc1 Qe7 35. Be3 Bxe3 36. Qxe3 Qxe3 37. fxe3 f5 38. Kf2 Kf7 39. Kf3 Kf6
40. e4 Re8 41. exf5 gxf5 42. Rc1 Rd6 43. h4 Red8 44. Kf4 g6 45. g3 R8d7 46. Rc4
Rd8 47. Rd2 R8d7 48. Rdd4 Rd8 49. Rc7 R8d7 50. Rxd7 Rxd7 51. d6 Ke6 52. Kg5 Kf7
53. Rd3 Kg7 54. h5 gxh5 55. Kxf5 Kf7 56. Ke5 Rd8 57. Rf3+ 0-1

[Event "Weekend Vitinia"]
[Site "Roma ITA"]
[Date "1996.11.??"]
[Round "?"]
[White "Farina, Saverio"]
[Black "Simeone, Giulio"]
[Result "1-0"]
[WhiteElo "2210"]
[BlackElo "1714"]
[PlyCount "41"]
[EventDate "1996.11.17"]

1. d4 g6 2. c4 Bg7 3. Nc3 d6 4. e4 Nc6 5. d5 Nd4 6. Be3 c5 7. Nge2 Nxe2 8. Bxe2
Nf6 9. O-O O-O 10. Qd2 Bd7 11. a4 a6 12. Bh6 Bxh6 13. Qxh6 Qb6 14. Qe3 Rab8 15.
h3 Rbd8 16. b4 Qxb4 17. a5 Qb3 18. Rfb1 Qc2 19. Bd1 Qxb1 20. Rxb1 Bc8 21. e5
1-0

[Event "Weekend Vitinia"]
[Site "Roma ITA"]
[Date "1996.11.??"]
[Round "?"]
[White "Fucito, Giovanni"]
[Black "Di Lascio, Savino"]
[Result "0-1"]
[WhiteElo "1653"]
[BlackElo "1927"]
[PlyCount "126"]
[EventDate "1996.11.17"]

1. e4 c6 2. d4 d5 3. exd5 cxd5 4. c3 Qb6 5. Bd3 Nf6 6. Nf3 e6 7. O-O Bd6 8. Re1
Nc6 9. Qb3 Qc7 10. Na3 a6 11. Qa4 Rb8 12. Qd1 O-O 13. Nc2 e5 14. dxe5 Nxe5 15.
Nxe5 Bxe5 16. h3 Ne4 17. Qh5 g6 18. Qf3 f5 19. Nd4 Bd7 20. Bh6 Rf7 21. Bxe4
fxe4 22. Qe3 Qb6 23. Qd2 Rc8 24. Rac1 Qd6 25. Rcd1 Ba4 26. Rc1 Bh2+ 27. Kh1 Bf4
28. Bxf4 Rxf4 29. Qe3 Qf6 30. Re2 Rf8 31. Kg1 Bd7 32. Qg3 h5 33. Rd2 h4 34. Qe3
Qg5 35. Rf1 Qd8 36. Ne2 R4f5 37. Nd4 Rh5 38. Ne2 g5 39. Rxd5 Qe7 40. Rfd1 Bc6
41. Rd6 Kh7 42. Qd4 Rh6 43. Rxh6+ Kxh6 44. Qd6+ Qf6 45. Qc5 Rd8 46. Rxd8 Qxd8
47. Nd4 Qf6 48. Qf5 Qxf5 49. Nxf5+ Kh5 50. Kf1 g4 51. hxg4+ Kxg4 52. Ne3+ Kf4
53. Kg1 Bd7 54. Kh2 Be6 55. a3 b5 56. Nc2 a5 57. Nd4 Bd7 58. g3+ hxg3+ 59.
fxg3+ Ke3 60. Kg2 Kd3 61. Kf2 a4 62. Ke1 Ke3 63. Kd1 Kf2 0-1

[Event "Weekend Vitinia"]
[Site "Roma ITA"]
[Date "1996.11.??"]
[Round "?"]
[White "Fucito, Giovanni"]
[Black "Lepri, Livio"]
[Result "0-1"]
[WhiteElo "1653"]
[BlackElo "1999"]
[PlyCount "124"]
[EventDate "1996.11.17"]

1. e4 Nf6 2. e5 Nd5 3. c4 Nb6 4. d4 d6 5. exd6 cxd6 6. Qf3 Nc6 7. Be3 g6 8. Nc3
Bg7 9. O-O-O h5 10. c5 Bg4 11. Qe4 d5 12. Qd3 Bxd1 13. cxb6 Bg4 14. Nge2 axb6
15. Nf4 Bf5 16. Qd1 e6 17. Bb5 O-O 18. h3 h4 19. g4 hxg3 20. fxg3 Qc7 21. Rf1
Nb4 22. Kd2 Nxa2 23. Nxa2 Rxa2 24. Qb3 Rfa8 25. Rc1 Qd6 26. Kd1 Ra1 27. Ne2
Rxc1+ 28. Kxc1 Rc8+ 29. Kd2 Bc2 30. Qa3 Qxa3 31. bxa3 Bf8 32. Nc3 Bf5 33. g4
Bxa3 34. gxf5 Bb4 35. fxe6 Rxc3 36. exf7+ Kxf7 37. Ke2 Be7 38. Kd2 Rb3 39. Ba4
Ra3 40. Bb5 Ke6 41. Ke2 Bf6 42. Be8 g5 43. Bb5 Rb3 44. Be8 b5 45. Kd2 b4 46.
Bh5 Ra3 47. Bg1 Kd6 48. Bg4 Kc6 49. Kc2 Rg3 50. Bh5 Rxg1 51. Be8+ Kd6 52. Kb3
Rg3+ 53. Kxb4 Rxh3 54. Bd7 Kxd7 55. Kc5 Rd3 56. Kxd5 Rxd4+ 57. Kc5 b6+ 58. Kxb6
Rd5 59. Kb7 Rb5+ 60. Ka6 Kc6 61. Ka7 Rb1 62. Ka8 Kc7 0-1

[Event "Weekend Vitinia"]
[Site "Roma ITA"]
[Date "1996.11.??"]
[Round "?"]
[White "Fucito, Giovanni"]
[Black "Ludovici, Roberto"]
[Result "1/2-1/2"]
[WhiteElo "1653"]
[BlackElo "1728"]
[PlyCount "144"]
[EventDate "1996.11.17"]

1. e4 c5 2. Nf3 d6 3. d4 cxd4 4. Nxd4 Nf6 5. Nc3 a6 6. Bg5 e6 7. a4 b6 8. Be2
Be7 9. Qd2 Bb7 10. f3 O-O 11. O-O Nbd7 12. Rad1 Qc7 13. Be3 Rac8 14. Bd3 Ne5
15. Qe2 Nxd3 16. cxd3 Rfd8 17. Rc1 Qb8 18. Na2 Ba8 19. Nb4 Qb7 20. Nbc6 Rd7 21.
Nxe7+ Rxe7 22. Rxc8+ Qxc8 23. Rc1 Rc7 24. Rxc7 Qxc7 25. Qc2 Qb7 26. Qc4 d5 27.
Qb3 e5 28. Nf5 d4 29. Bg5 Ne8 30. Bd8 b5 31. Qb4 Qd7 32. Qe7 Qxe7 33. Nxe7+ Kf8
34. axb5 axb5 35. Nc8 Bc6 36. Be7+ Kg8 37. Bc5 Bd7 38. Ne7+ Kh8 39. Nd5 h6 40.
Kf1 Kh7 41. Kf2 f6 42. Ke2 Kg8 43. Bb4 Kf7 44. Kd2 Ke6 45. Ba5 Kd6 46. Bb4+ Kc6
47. Bf8 Be6 48. Nb4+ Kb6 49. Kc2 h5 50. g3 g6 51. f4 Kc7 52. Na6+ Kb6 53. Nc5
Bc8 54. fxe5 fxe5 55. Be7 Kc6 56. Nb3 Kd7 57. Bb4 Ke6 58. Nd2 Kf6 59. Nf3 Bg4
60. Nd2 Nc7 61. Nb3 Na6 62. Bd6 Be2 63. Kd2 Bf1 64. Nc5 Nxc5 65. Bxc5 Ke6 66.
Bf8 Kd7 67. Bg7 Ke6 68. Bf8 Bh3 69. Bh6 Kf7 70. Bg5 Be6 71. Bd8 Bb3 72. Bh4 Ke6
1/2-1/2

[Event "Weekend Vitinia"]
[Site "Roma ITA"]
[Date "1996.11.??"]
[Round "?"]
[White "Fucito, Giovanni"]
[Black "Ragonese, Lucio Rosario"]
[Result "0-1"]
[WhiteElo "1653"]
[BlackElo "2052"]
[PlyCount "92"]
[EventDate "1996.11.17"]

1. e4 d5 2. exd5 Qxd5 3. Nc3 Qa5 4. Nf3 Nf6 5. d3 Bg4 6. Bd2 c6 7. Ne4 Qc7 8.
Nxf6+ gxf6 9. Qe2 Nd7 10. h3 Bxf3 11. Qxf3 Qe5+ 12. Be3 Qxb2 13. Qd1 Qc3+ 14.
Bd2 Qe5+ 15. Be2 e6 16. Rb1 b6 17. Rb3 Rg8 18. Bc3 Qf5 19. Bf3 Rc8 20. Be4 Qg5
21. Bd2 Qg7 22. d4 f5 23. Rg3 Qxd4 24. Rxg8 Qxe4+ 25. Kf1 Qc4+ 26. Kg1 Nf6 27.
Rh8 Rd8 28. Qc1 Qe2 29. Qa3 c5 30. Bh6 Qe1+ 31. Kh2 Qe5+ 32. g3 Ng4+ 33. hxg4
Qxh8 34. Qa4+ Ke7 35. Bf4 Qd4 36. Qxa7+ Rd7 37. Qxb6 Qxf2+ 38. Kh3 fxg4+ 39.
Kxg4 Qe2+ 40. Kh4 Kf6 41. Kh3 Rd5 42. Qb2+ Kg6 43. g4 Qf3+ 44. Bg3 Qxh1+ 45.
Bh2 Bd6 46. c4 Rd3+ 0-1

[Event "Weekend Vitinia"]
[Site "Roma ITA"]
[Date "1996.11.??"]
[Round "?"]
[White "Galeno, Giorgio"]
[Black "De Carolis, Maurizio"]
[Result "0-1"]
[WhiteElo "1725"]
[BlackElo "1570"]
[PlyCount "88"]
[EventDate "1996.11.17"]

1. d4 d6 2. c4 Nf6 3. Nc3 c6 4. e4 Qa5 5. Bd2 Qb6 6. Nf3 Bg4 7. c5 Qc7 8. Be2
dxc5 9. dxc5 Bxf3 10. Bxf3 Na6 11. O-O Nxc5 12. Qe2 e5 13. Bg5 Be7 14. Qc4 Ne6
15. Bxf6 Bxf6 16. Rad1 O-O 17. Bg4 Nd4 18. Nd5 Qd6 19. Ne3 g6 20. Kh1 Rad8 21.
a4 h5 22. Bh3 Be7 23. g4 h4 24. a5 Qf6 25. b4 Qf4 26. Ng2 Qxe4 27. Rde1 Qd5 28.
Qxd5 Rxd5 29. f4 Bxb4 30. Re4 Bxa5 31. fxe5 g5 32. Ne3 Rdd8 33. Rf6 Ne6 34. Nf5
Rd1+ 35. Kg2 Nf4+ 36. Rxf4 gxf4 37. g5 Rd2+ 38. Kf3 Rd3+ 39. Kg4 Bd8 40. Nh6+
Kh7 41. Rxf4 Rxh3 42. Kh5 Rxh2 43. e6 Rg2 44. Nxf7 Be7 0-1

[Event "Weekend Vitinia"]
[Site "Roma ITA"]
[Date "1996.11.??"]
[Round "?"]
[White "Galeno, Giorgio"]
[Black "Fantazzini, Massimiliano"]
[Result "0-1"]
[WhiteElo "1725"]
[BlackElo "1753"]
[PlyCount "80"]
[EventDate "1996.11.17"]

1. d4 Nf6 2. c4 e6 3. Nc3 Bb4 4. a3 Bxc3+ 5. bxc3 d6 6. e3 Qe7 7. Bd3 e5 8. d5
Nbd7 9. e4 Nc5 10. f3 Nh5 11. Ne2 Bd7 12. Be3 O-O-O 13. a4 a5 14. g4 Nf4 15.
Nxf4 exf4 16. Bxf4 Qf6 17. Be3 Nxd3+ 18. Qxd3 Qxf3 19. Rf1 Qxg4 20. c5 dxc5 21.
Bxc5 Rhe8 22. Rxf7 Rxe4+ 23. Kd2 Be6 24. Rxg7 Qf4+ 25. Kc2 Qxh2+ 26. Kb3 Bxd5+
27. Ka3 Bc6 28. Bd4 h5 29. Rf1 Qd6+ 30. Kb2 Bd5 31. Rf6 Re6 32. Qf5 c5 33. Be3
Qb6+ 34. Kc1 Bb3 35. Bd2 Qd6 36. Rc7+ Kb8 37. Rxb7+ Kxb7 38. Rf7+ Rd7 39. Qf3+
Bd5 40. Rxd7+ Qxd7 0-1

[Event "Weekend Vitinia"]
[Site "Roma ITA"]
[Date "1996.11.??"]
[Round "?"]
[White "Galeno, Giorgio"]
[Black "Scalfaro, Sergio"]
[Result "0-1"]
[WhiteElo "1725"]
[BlackElo "1810"]
[PlyCount "82"]
[EventDate "1996.11.17"]

1. d4 Nf6 2. c4 g6 3. Nc3 d5 4. cxd5 Nxd5 5. e4 Nxc3 6. bxc3 Bg7 7. Bc4 c5 8.
Be3 O-O 9. Ne2 Nc6 10. O-O Qc7 11. Rc1 Rd8 12. Qd2 Qa5 13. Rfd1 cxd4 14. cxd4
Qxd2 15. Rxd2 Na5 16. Bd3 Nc6 17. Bb5 Bd7 18. f4 Nxd4 19. Rxd4 Bxb5 20. Rxd8+
Rxd8 21. Nc3 Bc6 22. e5 a6 23. Ne2 e6 24. Nd4 Bd5 25. a4 Bf8 26. Ne2 Bc6 27. a5
Rd3 28. Kf2 Bb4 29. g4 Bxa5 30. Rc2 Rd1 31. Nd4 Rh1 32. Kg3 Be1+ 33. Kh3 Be4
34. Rc8+ Kg7 35. f5 gxf5 36. gxf5 exf5 37. e6 fxe6 38. Nxe6+ Kf6 39. Nf4 Rf1
40. Nh5+ Ke6 41. Nf4+ Kd7 0-1

[Event "Weekend Vitinia"]
[Site "Roma ITA"]
[Date "1996.11.??"]
[Round "?"]
[White "Galeno, Giorgio"]
[Black "Scipioni, Gaetano"]
[Result "1-0"]
[WhiteElo "1725"]
[BlackElo "1635"]
[PlyCount "73"]
[EventDate "1996.11.17"]

1. d4 Nf6 2. c4 c5 3. d5 b5 4. Nf3 bxc4 5. Nc3 d6 6. e4 g6 7. Bxc4 Bg7 8. O-O
O-O 9. Rb1 Bg4 10. Be2 Nbd7 11. Nd2 Bxe2 12. Qxe2 Nb6 13. b4 cxb4 14. Rxb4 Nfd7
15. Nb5 a5 16. Rb1 Na4 17. Nb3 Rb8 18. Bd2 Ra8 19. Rfc1 Nac5 20. N3d4 Qc8 21.
Nc6 Re8 22. f4 Nf6 23. Rc4 Qd7 24. Bxa5 Rec8 25. Bb6 Ncxe4 26. Rxe4 Nxe4 27.
Qxe4 e6 28. Nba7 Re8 29. a4 f5 30. Qc4 exd5 31. Qxd5+ Qe6 32. Ne7+ Kf7 33.
Qxe6+ Kxe6 34. Nec6 Kd7 35. a5 Re2 36. Bd4 Rxa7 37. Bxa7 1-0

[Event "Weekend Vitinia"]
[Site "Roma ITA"]
[Date "1996.11.??"]
[Round "?"]
[White "Gardon, Ermanno"]
[Black "Colantonio, Marco"]
[Result "1/2-1/2"]
[WhiteElo "1683"]
[BlackElo "1573"]
[PlyCount "105"]
[EventDate "1996.11.17"]

1. e4 e6 2. d4 d5 3. Nc3 Bb4 4. e5 c5 5. a3 Bxc3+ 6. bxc3 Nc6 7. Qg4 g6 8. h4
Qa5 9. Bd2 Nh6 10. Qf4 Nf5 11. Nf3 Bd7 12. g4 Nfe7 13. Ng5 O-O-O 14. Nxf7 Rdf8
15. Nd6+ Kb8 16. Qe3 c4 17. Bc1 Nc8 18. Nxc8 Kxc8 19. a4 Rf4 20. Kd1 Rhf8 21.
Rh2 Rf3 22. Qe1 Qxc3 23. Qxc3 Rxc3 24. Be3 Nb4 25. Bd2 Rxc2 26. Bxb4 Rfxf2 27.
Rxf2 Rxf2 28. Be2 Rh2 29. Be1 a6 30. a5 Kc7 31. Rb1 Bb5 32. h5 c3 33. Rxb5 c2+
34. Kxc2 axb5 35. Kd1 Kc6 36. hxg6 hxg6 37. Bd2 Rg2 38. g5 b4 39. Bd3 b3 40.
Bxg6 Rg1+ 41. Ke2 b2 42. Kf2 Rg4 43. Be3 Kd7 44. Bb1 Ke7 45. Kf3 Re4 46. g6 Kf8
47. Bd2 Kg7 48. Bc3 Rh4 49. Ke2 Rh1 50. Be1 Rg1 51. Kf2 Rxg6 52. Ke2 Rg2+ 53.
Kd3 1/2-1/2

[Event "Weekend Vitinia"]
[Site "Roma ITA"]
[Date "1996.11.??"]
[Round "?"]
[White "Gardon, Ermanno"]
[Black "Ludovici, Roberto"]
[Result "0-1"]
[WhiteElo "1683"]
[BlackElo "1728"]
[PlyCount "40"]
[EventDate "1996.11.17"]

1. e4 c5 2. Nf3 d6 3. d4 cxd4 4. Nxd4 Nf6 5. Nc3 a6 6. f4 e6 7. Bd3 Be7 8. Nf3
Nbd7 9. O-O Nc5 10. e5 dxe5 11. fxe5 Nd5 12. Ne4 Nxd3 13. cxd3 O-O 14. Nfg5 h6
15. Nf3 b5 16. Qe1 Nb4 17. Qg3 Kh7 18. Nf2 Nc2 19. Rb1 Nd4 20. Ne4 Ne2+ 0-1

[Event "Weekend Vitinia"]
[Site "Roma ITA"]
[Date "1996.11.??"]
[Round "?"]
[White "Gardon, Ermanno"]
[Black "Pezzaldi, Roberto"]
[Result "0-1"]
[WhiteElo "1683"]
[BlackElo "2001"]
[PlyCount "56"]
[EventDate "1996.11.17"]

1. e4 e6 2. d4 d5 3. Nc3 Bb4 4. e5 c5 5. a3 Bxc3+ 6. bxc3 Qc7 7. Nf3 Bd7 8. h4
Ba4 9. Bd3 c4 10. Be2 Nc6 11. h5 O-O-O 12. h6 f6 13. g3 fxe5 14. Ng5 Re8 15.
Bg4 Nd8 16. Bxe6+ Nxe6 17. Nxe6 Rxe6 18. Qg4 Nxh6 19. Qxe6+ Bd7 20. Qxd5 Re8
21. O-O Ng4 22. dxe5 Bc6 23. Qxc4 Nxe5 24. Qf4 Nf3+ 25. Kg2 Qd7 26. g4 Nd2+ 27.
f3 Nxf1 28. Kg1 Qe6 0-1